LEADER 01315nam a2200301 a 4500 001 000000122378 003 CaOOAMICUS 005 20100628123135.0 008 100628t1991 it u000 u ita r 020 $a88-15-06255-6 040 $aPUL$bita$dReb 082 04$a909 100 1 $aRenzi, Lorenzo.$0(OLS)http://pul/name/70655 245 10$aCome leggere la poesia :$bcon esercitazioni su poeti italiani del Novecento /$cLorenzo Renzi. 250 $a4. ed. aumentata. 260 $aBologna :$bIl Mulino,$cİ1991. 300 $a165 p. ;$c21 cm. 490 1 $aUniversale paperbacks Il Mulino ;$v179 504 $aInclude riferimenti bibliografici ed indice. 650 4$aPoesia$xCritica e interpretazione.$0(OLS)http://pul/subject/16526 830 0$aUniversale paperbacks Il Mulino ;$v179.$0(OLS)http://pul/title/190 850 $aPUL 852 $aPUL$W1$xDP2 Filosofia 3$y112$m909 COLL 2.179$j140523$qDDC 21$B139648$CPULBib$Z2$F139648 $H114327 $82 941 1 $a9 996 $6020$a88-15-06255-6$9(OLS)http://pul/number/144740 996 $6082$a909$9(OLS)http://pul/classification/566 996 $6245$aCome leggere la poesia :$bcon esercitazioni su poeti italiani del Novecento$9(OLS)http://pul/title/154103 996 $6260$aBologna :$bIl Mulino$9(OLS)http://pul/publisher/47928 LEADER 01705nam a2200361 a 4500 001 000000176690 003 CaOOAMICUS 005 20240226110615.0 006 a 000 u 008 240226s2018 it 000 u ita r 020 $a978-88-7298-075-0* 032 $aLibriCat 040 $bita$aPUL 082 14$a252.6 100 0 $aPaulus PP.$bVI,$cs.,$d1897-1978.$0(OLS)http://pul/name/1432 245 10$a100 Omelie : $b il testamento e il discorso all'ONU, il pensiero alla morte e la preghiera per l'on. Aldo Moro /$cPaolo VI ; presentazione Ubaldo Terrinoni ; postfazione Carlo Bresciani. 260 $aTeramo :$bPalumbi,$cİ2018. 300 $a413 ;$a23 cm 650 04$aPaulus PP.$bVI, s.,$d1897-1978$xOmelie.$0(OLS)http://pul/subject/46787 700 1 $aTerrinoni, Ubaldo,$cO.F.M. Cap,$d1933-$0(OLS)http://pul/name/57888 700 1 $aBresciani, Carlo,$csac.,$d1949-$0(OLS)http://pul/name/34040 850 $aPUL 852 $aPUL$W1$xSL Religione 3$y85$m252. 6 PAOLO6 1$j200697$qDDC 21$B205649$CPULBib$Z2$F205649 $H136860 $82 900 $aMontini, Giovanni Battista,$cs.,$d1897-1978$91432 900 $aPaolo$bVI,$cpapa, b.,$d1897-1978$91432 910 $aPapi (1963-1978 : Paulus PP. VI)$91432 910 $aPapi (1963-1978 : Paulus PP. VI)$91432 941 1 $a9 996 $6020$a978-88-7298-075-0*$9(OLS)http://pul/number/169593 996 $6082$a252.6$9(OLS)http://pul/classification/3022 996 $6245$a100 Omelie : $b il testamento e il discorso all'ONU, il pensiero alla morte e la preghiera per l'on. Aldo Moro$9(OLS)http://pul/title/218174 996 $6260$aTeramo :$bPalumbi$9(OLS)http://pul/publisher/86815